Law in public health practice / (Record no. 785)

000 -LEADER
fixed length control field 01334cam a2200313 a 4500
003 - CONTROL NUMBER IDENTIFIER
control field OSt
005 - DATE AND TIME OF LATEST TRANSACTION
control field 20210617091101.0
008 - FIXED-LENGTH DATA ELEMENTS--GENERAL INFORMATION
fixed length control field 020201s2003 enk b 001 0 eng
020 ## - INTERNATIONAL STANDARD BOOK NUMBER
International Standard Book Number 0195148711 (alk. paper)
040 ## - CATALOGING SOURCE
Transcribing agency DLC
043 ## - GEOGRAPHIC AREA CODE
Geographic area code n-us---
050 00 - LIBRARY OF CONGRESS CALL NUMBER
Classification number KF3775
Item number .L384 2003
245 00 - TITLE STATEMENT
Title Law in public health practice /
Statement of responsibility, etc. edited by Richard A. Goodman ... [et al.] ; with the assistance of Karen Foster.
260 ## - PUBLICATION, DISTRIBUTION, ETC.
Place of publication, distribution, etc. Oxford ;
-- New York :
Name of publisher, distributor, etc. Oxford University Press,
Date of publication, distribution, etc. 2003.
300 ## - PHYSICAL DESCRIPTION
Extent xxxiv, 462 p. ;
Dimensions 25 cm.
504 ## - BIBLIOGRAPHY, ETC. NOTE
Bibliography, etc. note Includes bibliographical references and index.
650 #0 - SUBJECT ADDED ENTRY--TOPICAL TERM
Topical term or geographic name entry element Public health laws
Geographic subdivision United States.
650 #0 - SUBJECT ADDED ENTRY--TOPICAL TERM
Topical term or geographic name entry element Public health personnel
General subdivision Legal status, laws, etc.
Geographic subdivision United States.
650 #0 - SUBJECT ADDED ENTRY--TOPICAL TERM
Topical term or geographic name entry element Public health administration
Geographic subdivision United States.
700 1# - ADDED ENTRY--PERSONAL NAME
Personal name Goodman, Richard A.
Fuller form of name (Richard Alan),
Dates associated with a name 1949-
856 42 - ELECTRONIC LOCATION AND ACCESS
Uniform Resource Identifier http://www.loc.gov/catdir/enhancements/fy0612/2002022044-d.html
856 41 - ELECTRONIC LOCATION AND ACCESS
Uniform Resource Identifier http://www.loc.gov/catdir/enhancements/fy0612/2002022044-t.html
906 ## - LOCAL DATA ELEMENT F, LDF (RLIN)
a 7
b cbc
c orignew
d 1
e ocip
f 20
g y-gencatlg
942 ## - ADDED ENTRY ELEMENTS (KOHA)
Source of classification or shelving scheme
Koha item type Book
Suppress in OPAC DO
Holdings
Withdrawn status Lost status Source of classification or shelving scheme Damaged status Not for loan Permanent Location Current Location Shelving location Date acquired Total Checkouts Full call number Barcode Date last seen Copy number Price effective from Koha item type Public note Source of acquisition
          AU LIBRARY AU LIBRARY Open Shelf 17.06.2021   KF3775 .L384 2003 C1 28000339 17.06.2021 1 17.06.2021 Book DO  
          AU LIBRARY AU LIBRARY Open Shelf 17.06.2021   KF3775 .L384 2003 C2 28001722 17.06.2021 2 17.06.2021 Book DO  
          AU LIBRARY AU LIBRARY Open Shelf 01.09.2021   KF3775 .L384 2003 28004434 01.09.2021   01.09.2021 Book DO DONATION FROM MOI UNIVERSITY

Powered by Koha